<?xml version="1.0" encoding="UTF-8"?>
<record
    xmlns:xsi="http://www.w3.org/2001/XMLSchema-instance"
    xsi:schemaLocation="http://www.loc.gov/MARC21/slim http://www.loc.gov/standards/marcxml/schema/MARC21slim.xsd"
    xmlns="http://www.loc.gov/MARC21/slim">

  <leader>00693nam a22001577a 4500</leader>
  <controlfield tag="003">OSt</controlfield>
  <controlfield tag="005">20151203085150.0</controlfield>
  <controlfield tag="008">151203b        xxu||||| |||| 00| 0 eng d</controlfield>
  <datafield tag="040" ind1=" " ind2=" ">
    <subfield code="c">RUA</subfield>
  </datafield>
  <datafield tag="082" ind1=" " ind2=" ">
    <subfield code="a">FIS CHU 2008 B180 Or.1</subfield>
  </datafield>
  <datafield tag="100" ind1=" " ind2=" ">
    <subfield code="9">4177</subfield>
    <subfield code="a">CHUOP, SONIVORTH.</subfield>
  </datafield>
  <datafield tag="245" ind1=" " ind2=" ">
    <subfield code="a">Study of importance and catch of small-sized fish in tonle sap river kandal province phnom penh, &#x1780;&#x17B6;&#x179A;&#x179F;&#x17B7;&#x1780;&#x17D2;&#x179F;&#x17B6;&#x1796;&#x17B8;&#x179F;&#x17B6;&#x179A;&#x17C8;&#x179F;&#x17C6;&#x1781;&#x17B6;&#x1793;&#x17CB;&#x1793;&#x17B7;&#x1784;&#x1795;&#x179B;&#x1785;&#x17B6;&#x1794;&#x17CB;&#x178F;&#x17D2;&#x179A;&#x17B8;&#x179B;&#x17D2;&#x17A2;&#x17B7;&#x178F;&#x178F;&#x17B6;&#x1798;&#x178A;&#x1784;&#x1791;&#x1793;&#x17D2;&#x179B;&#x17C1;&#x179F;&#x17B6;&#x1795; &#x1781;&#x17C1;&#x178F;&#x17D2;&#x178F;&#x1780;&#x178E;&#x17D2;&#x178A;&#x17B6;&#x179B; &#x1780;&#x17D2;&#x179A;&#x17BB;&#x1784;&#x1797;&#x17D2;&#x1793;&#x17C6;&#x1796;&#x17C1;&#x1789;</subfield>
  </datafield>
  <datafield tag="260" ind1=" " ind2=" ">
    <subfield code="a">Phnom Penh</subfield>
    <subfield code="b">RUA</subfield>
    <subfield code="c">2008</subfield>
  </datafield>
  <datafield tag="300" ind1=" " ind2=" ">
    <subfield code="a">xii; 48p.</subfield>
    <subfield code="b">ill.</subfield>
    <subfield code="c">29cm.</subfield>
  </datafield>
  <datafield tag="942" ind1=" " ind2=" ">
    <subfield code="2">ddc</subfield>
    <subfield code="c">FIS</subfield>
  </datafield>
  <datafield tag="999" ind1=" " ind2=" ">
    <subfield code="c">3890</subfield>
    <subfield code="d">3890</subfield>
  </datafield>
  <datafield tag="952" ind1=" " ind2=" ">
    <subfield code="0">0</subfield>
    <subfield code="1">0</subfield>
    <subfield code="2">ddc</subfield>
    <subfield code="4">0</subfield>
    <subfield code="6">FIS_CHU_2008_000000000000000_B180_OR_1</subfield>
    <subfield code="7">0</subfield>
    <subfield code="9">19605</subfield>
    <subfield code="a">LBB</subfield>
    <subfield code="b">LBB</subfield>
    <subfield code="c">B180</subfield>
    <subfield code="d">2015-12-03</subfield>
    <subfield code="l">2</subfield>
    <subfield code="o">FIS CHU 2008 B180 Or.1</subfield>
    <subfield code="p">RUA019700</subfield>
    <subfield code="r">2016-04-05</subfield>
    <subfield code="s">2016-03-03</subfield>
    <subfield code="w">2015-12-03</subfield>
    <subfield code="y">FIS</subfield>
  </datafield>
  <datafield tag="952" ind1=" " ind2=" ">
    <subfield code="0">0</subfield>
    <subfield code="1">0</subfield>
    <subfield code="2">ddc</subfield>
    <subfield code="4">0</subfield>
    <subfield code="6">FIS_CHU_2008_000000000000000_B180_OR_2</subfield>
    <subfield code="7">0</subfield>
    <subfield code="9">19606</subfield>
    <subfield code="a">LBB</subfield>
    <subfield code="b">LBB</subfield>
    <subfield code="c">B180</subfield>
    <subfield code="d">2015-12-03</subfield>
    <subfield code="o">FIS CHU 2008 B180 Or.2</subfield>
    <subfield code="p">RUA019629</subfield>
    <subfield code="r">2015-12-03</subfield>
    <subfield code="w">2015-12-03</subfield>
    <subfield code="y">FIS</subfield>
  </datafield>
  <datafield tag="952" ind1=" " ind2=" ">
    <subfield code="0">0</subfield>
    <subfield code="1">0</subfield>
    <subfield code="2">ddc</subfield>
    <subfield code="4">0</subfield>
    <subfield code="6">FIS_CHU_2008_000000000000000_B180_OR_3</subfield>
    <subfield code="7">0</subfield>
    <subfield code="9">19607</subfield>
    <subfield code="a">LBB</subfield>
    <subfield code="b">LBB</subfield>
    <subfield code="c">B180</subfield>
    <subfield code="d">2015-12-03</subfield>
    <subfield code="o">FIS CHU 2008 B180 Or.3</subfield>
    <subfield code="p">RUA019701</subfield>
    <subfield code="r">2015-12-03</subfield>
    <subfield code="w">2015-12-03</subfield>
    <subfield code="y">FIS</subfield>
  </datafield>
  <datafield tag="952" ind1=" " ind2=" ">
    <subfield code="0">0</subfield>
    <subfield code="1">0</subfield>
    <subfield code="2">ddc</subfield>
    <subfield code="4">0</subfield>
    <subfield code="6">FIS_CHU_2008_000000000000000_B180_OR_4</subfield>
    <subfield code="7">0</subfield>
    <subfield code="9">19608</subfield>
    <subfield code="a">LBB</subfield>
    <subfield code="b">LBB</subfield>
    <subfield code="c">B180</subfield>
    <subfield code="d">2015-12-03</subfield>
    <subfield code="l">1</subfield>
    <subfield code="o">FIS CHU 2008 B180 Or.4</subfield>
    <subfield code="p">RUA019861</subfield>
    <subfield code="r">2026-02-13</subfield>
    <subfield code="s">2026-02-03</subfield>
    <subfield code="w">2015-12-03</subfield>
    <subfield code="y">FIS</subfield>
  </datafield>
  <datafield tag="952" ind1=" " ind2=" ">
    <subfield code="0">0</subfield>
    <subfield code="1">0</subfield>
    <subfield code="2">ddc</subfield>
    <subfield code="4">0</subfield>
    <subfield code="6">FIS_CHU_2008_000000000000000_B180_OR_5</subfield>
    <subfield code="7">0</subfield>
    <subfield code="9">19609</subfield>
    <subfield code="a">LBB</subfield>
    <subfield code="b">LBB</subfield>
    <subfield code="c">B180</subfield>
    <subfield code="d">2015-12-03</subfield>
    <subfield code="o">FIS CHU 2008 B180 Or.5</subfield>
    <subfield code="p">RUA019933</subfield>
    <subfield code="r">2015-12-03</subfield>
    <subfield code="w">2015-12-03</subfield>
    <subfield code="y">FIS</subfield>
  </datafield>
  <datafield tag="952" ind1=" " ind2=" ">
    <subfield code="0">0</subfield>
    <subfield code="1">0</subfield>
    <subfield code="2">ddc</subfield>
    <subfield code="4">0</subfield>
    <subfield code="6">FIS_CHU_2008_000000000000000_B1_226_OR_1</subfield>
    <subfield code="7">0</subfield>
    <subfield code="9">78663</subfield>
    <subfield code="a">LBB</subfield>
    <subfield code="b">LBB</subfield>
    <subfield code="c">B1.226</subfield>
    <subfield code="d">2019-03-26</subfield>
    <subfield code="o">FIS CHU 2008 B1.226 Or.1</subfield>
    <subfield code="p">A40308</subfield>
    <subfield code="r">2019-03-26</subfield>
    <subfield code="w">2019-03-26</subfield>
    <subfield code="y">FIS</subfield>
  </datafield>
</record>
